[Event "Sarajevo CC Qualifiers"]
[Site "Sarajevo"]
[Date "2019.02.13"]
[Round "1.2"]
[White "Sitnic, Ahmed"]
[Black "Mrndjic, Muamer"]
[Result "1/2-1/2"]
[WhiteElo "1750"]
[BlackElo "2264"]
[PlyCount "94"]
[EventDate "2019.02.13"]

1. d4 d5 2. Nf3 Nf6 3. Bf4 e6 4. e3 c5 5. c3 Bd6 6. Bxd6 Qxd6 7. Bd3 Nc6 8. O-O
O-O 9. Nbd2 e5 10. dxe5 Nxe5 11. Nxe5 Qxe5 12. Nf3 Qe7 13. h3 Rd8 14. Qa4 Bd7
15. Qh4 h6 16. Rfd1 Bc6 17. Nh2 Re8 18. Nf1 Qe5 19. Ng3 Qg5 20. Qxg5 hxg5 21.
Be2 g6 22. c4 dxc4 23. Bxc4 Rad8 24. a4 Rxd1+ 25. Rxd1 Bxa4 26. Rd6 Kg7 27. Kf1
Ne4 28. Nxe4 Rxe4 29. b3 Bc6 30. Ke2 Re7 31. f3 Rd7 32. Rxd7 Bxd7 33. Bd5 b5
34. Kd3 Kf8 35. f4 gxf4 36. exf4 f5 37. Bf3 a5 38. g4 fxg4 39. hxg4 Be6 40. Kc2
c4 41. bxc4 Bxc4 42. Be4 Kg7 43. Kc3 Be6 44. f5 gxf5 45. gxf5 Bd7 46. Bd3 Kf6
47. Bxb5 Kxf5 1/2-1/2

[Event "Sarajevo CC Qualifiers"]
[Site "Sarajevo"]
[Date "2019.02.13"]
[Round "1.3"]
[White "Terzic, Ilijas"]
[Black "Lakota, Izet"]
[Result "1-0"]
[WhiteElo "2154"]
[BlackElo "1744"]
[PlyCount "45"]
[EventDate "2019.02.13"]

1. d4 d5 2. c4 dxc4 3. e3 e6 4. Bxc4 Nf6 5. Nf3 Nc6 6. Nc3 a6 7. O-O Be7 8. Qe2
O-O 9. Rd1 b5 10. Bd3 g6 11. a3 Nd5 12. e4 Nxc3 13. bxc3 Bf6 14. Bh6 Bg7 15.
Bxg7 Kxg7 16. a4 b4 17. d5 exd5 18. cxb4 dxe4 19. Bxe4 Qf6 20. b5 axb5 21. Qxb5
Bd7 22. Rac1 Rab8 23. Qc5 1-0

[Event "Sarajevo CC Qualifiers"]
[Site "Sarajevo"]
[Date "2019.02.13"]
[Round "1.4"]
[White "Manic, Mujo"]
[Black "Halilovic, Fahrudin"]
[Result "0-1"]
[WhiteElo "1701"]
[BlackElo "2051"]
[PlyCount "62"]
[EventDate "2019.02.13"]

1. d4 Nf6 2. c4 g6 3. Nc3 Bg7 4. e4 d6 5. Nf3 O-O 6. Be2 e5 7. dxe5 dxe5 8.
Qxd8 Rxd8 9. Bg5 Re8 10. Bxf6 Bxf6 11. Nd5 Bd8 12. O-O-O c6 13. Ne3 a5 14. Rd2
f6 15. Rhd1 Be7 16. c5 Na6 17. Bxa6 Rxa6 18. Nc4 Bxc5 19. Rd8 Kf8 20. R8d2 Be6
21. Nd6 Bxd6 22. Rxd6 Raa8 23. Ne1 Ke7 24. b3 Bd5 25. R6xd5 cxd5 26. Rxd5 Red8
27. Rb5 Rd7 28. a4 Rc8+ 29. Kb2 Rd2+ 30. Ka3 Rc1 31. Rxa5 Rxe1 0-1

[Event "Sarajevo CC Qualifiers"]
[Site "Sarajevo"]
[Date "2019.02.13"]
[Round "1.5"]
[White "Kozarcanin, Sead"]
[Black "Bavcic, Fuad"]
[Result "1-0"]
[WhiteElo "2049"]
[BlackElo "1643"]
[PlyCount "95"]
[EventDate "2019.02.13"]

1. Nf3 e6 2. d3 d5 3. Nbd2 Nf6 4. e4 Be7 5. Be2 O-O 6. O-O c5 7. b3 b6 8. Bb2
Ba6 9. Re1 d4 10. c4 dxc3 11. Bxc3 Bxd3 12. Bxd3 Qxd3 13. Re3 Qd8 14. Nc4 Qxd1+
15. Rxd1 Nc6 16. Bxf6 Bxf6 17. e5 Be7 18. Kf1 Rfd8 19. Red3 Rxd3 20. Rxd3 Rd8
21. Rxd8+ Nxd8 22. Ke2 Nc6 23. a4 f6 24. h3 Kf8 25. Kd3 Ke8 26. g4 Kd7 27. Ke4
Kc7 28. h4 a6 29. h5 b5 30. axb5 axb5 31. Ne3 Kb6 32. Nc2 Bd8 33. Ne3 Ka5 34.
Nc2 Bc7 35. h6 gxh6 36. exf6 Bd6 37. Nfe1 Be5 38. Nd3 Bd6 39. f4 c4 40. bxc4
bxc4 41. Ne5 Nxe5 42. fxe5 Bc5 43. Nd4 c3 44. Nxe6 Ba3 45. Nd4 Bc5 46. Nb3+ Kb4
47. Nxc5 Kxc5 48. f7 1-0

[Event "Sarajevo CC Qualifiers"]
[Site "Sarajevo"]
[Date "2019.02.13"]
[Round "1.6"]
[White "Hadzic, Tahir"]
[Black "Dedic, Nedzad"]
[Result "0-1"]
[WhiteElo "1504"]
[BlackElo "1938"]
[PlyCount "80"]
[EventDate "2019.02.13"]

1. b3 Nf6 2. Bb2 d5 3. e3 c5 4. Nf3 Nc6 5. Bb5 Bg4 6. O-O a6 7. Be2 e6 8. d4
Bd6 9. Nbd2 cxd4 10. Nxd4 Bxe2 11. Qxe2 Qc7 12. N2f3 Rc8 13. Nxc6 Qxc6 14. Rac1
b5 15. Rfd1 O-O 16. Bxf6 gxf6 17. Nd4 Qc7 18. Qg4+ Kh8 19. Qh4 Be7 20. Nf3 Rg8
21. Qd4 Qc3 22. Qa7 Ba3 23. Rb1 Qxc2 24. Qxf7 Qg6 25. Qxg6 hxg6 26. Rd2 Kg7 27.
Nd4 Kf7 28. Rc2 e5 29. Rxc8 Rxc8 30. Nf3 Rc2 31. h3 Rxa2 32. Rd1 Ke6 33. Nh4 g5
34. Nf3 Bb2 35. Kh2 Bc3 36. Rc1 b4 37. Kg3 a5 38. Ne1 e4 39. f3 Bd2 40. Rc2
Bxe1+ 0-1

[Event "Sarajevo CC Qualifiers"]
[Site "Sarajevo"]
[Date "2019.02.14"]
[Round "2.2"]
[White "Halilovic, Fahrudin"]
[Black "Camdzija, Samir"]
[Result "0-1"]
[WhiteElo "2051"]
[BlackElo "1783"]
[PlyCount "114"]
[EventDate "2019.02.13"]

1. e4 c5 2. Nf3 Nc6 3. d4 cxd4 4. Nxd4 e5 5. Nb5 a6 6. Nd6+ Bxd6 7. Qxd6 Qe7 8.
Qd1 h6 9. b3 Qb4+ 10. Nd2 Qc3 11. Ba3 Nb4 12. Bxb4 Qxb4 13. Bd3 Nf6 14. O-O O-O
15. Re1 b5 16. a4 Bb7 17. Qe2 Bc6 18. a5 Rfe8 19. Nf1 Rad8 20. c4 bxc4 21. bxc4
Qc5 22. g4 Re6 23. Ng3 Rb8 24. h4 Rb3 25. Red1 Rd6 26. Nf5 Re6 27. Ra2 Nxg4 28.
h5 Nf6 29. Kh2 Nh7 30. Rb2 Rxb2 31. Qxb2 Re8 32. f4 Nf6 33. Qg2 Nxh5 34. Be2
Bxe4 35. Qxe4 Qf2+ 36. Qg2 Qxf4+ 37. Ng3 Nf6 38. Rf1 Qh4+ 39. Qh3 Qxh3+ 40.
Kxh3 Rc8 41. Nf5 Kh7 42. Nd6 Rc5 43. Nb7 Rc7 44. Rb1 d5 45. c5 d4 46. Bxa6 e4
47. Bc4 d3 48. a6 d2 49. Be2 Nd5 50. Ra1 Nf4+ 51. Kh2 Nxe2 52. a7 Rc8 53. c6
Nc1 54. a8=Q Rxa8 55. Rxa8 d1=Q 56. c7 Qe2+ 57. Kh1 Qf1+ 0-1

[Event "Sarajevo CC Qualifiers"]
[Site "Sarajevo"]
[Date "2019.02.14"]
[Round "2.7"]
[White "Hasanovic, Jakub"]
[Black "Korjenic, Esef"]
[Result "0-1"]
[WhiteElo "1800"]
[BlackElo "1937"]
[PlyCount "98"]
[EventDate "2019.02.13"]

1. d4 Nf6 2. c4 c5 3. e3 g6 4. Nf3 e6 5. a3 b6 6. Be2 Bg7 7. Nc3 Bb7 8. O-O Qc7
9. h3 h5 10. Rb1 a6 11. b3 cxd4 12. exd4 Ng4 13. g3 Nf6 14. Bf4 d6 15. Nh2 Nbd7
16. Bf3 Bxf3 17. Nxf3 Rd8 18. Re1 O-O 19. Qc1 Rfe8 20. Qe3 Nh7 21. Bh6 Bh8 22.
Qd3 Ndf8 23. Ne4 e5 24. Neg5 f5 25. Nh4 e4 26. Qd2 d5 27. Nxh7 Kxh7 28. Qg5 Qf7
29. Bxf8 Rxf8 30. Red1 Bf6 31. Qe3 Bxh4 32. gxh4 f4 33. Qe2 f3 34. Qe3 Qf5 35.
Kh2 Qd7 36. Qg5 Rf5 37. Qg3 Rg8 38. cxd5 Rxd5 39. Qf4 Rxd4 40. Rbc1 Rg7 41. Rc7
Qxc7 42. Qxc7 Rxd1 43. Qxb6 Re1 44. Kg3 Rg1+ 45. Kf4 Re1 46. Qxa6 Rf7+ 47. Ke5
e3 48. Ke6 Rg7 49. fxe3 f2 0-1

[Event "Sarajevo CC Qualifiers"]
[Site "Sarajevo"]
[Date "2019.02.14"]
[Round "2.8"]
[White "Bavcic, Fuad"]
[Black "Haskovic, Salih"]
[Result "1-0"]
[WhiteElo "1643"]
[BlackElo "1824"]
[PlyCount "73"]
[EventDate "2019.02.13"]

1. d4 d5 2. c4 e6 3. a3 Nf6 4. Nc3 c6 5. c5 Nbd7 6. Nf3 Be7 7. h3 O-O 8. Bf4
Nxc5 9. dxc5 Bxc5 10. e3 h6 11. Be2 Nh5 12. Be5 f6 13. Bh2 g5 14. Nd4 Ng7 15.
O-O e5 16. Nc2 Be6 17. b4 Be7 18. Na4 b6 19. Nb2 Kh8 20. f4 gxf4 21. exf4 e4
22. Nd4 Bd7 23. Rc1 c5 24. Nb3 Bc6 25. f5 Rg8 26. Rf2 Rc8 27. Ba6 Rb8 28. Bxb8
Qxb8 29. b5 Ba8 30. Qd2 d4 31. Nxd4 cxd4 32. Qxd4 e3 33. Qxe3 Nxf5 34. Rxf5
Rxg2+ 35. Kf1 Qg8 36. Rc8 Qxc8 37. Bxc8 1-0

[Event "Sarajevo CC Qualifiers"]
[Site "Sarajevo"]
[Date "2019.02.15"]
[Round "3.1"]
[White "Camdzija, Samir"]
[Black "Kozarcanin, Sead"]
[Result "0-1"]
[WhiteElo "1783"]
[BlackElo "2049"]
[PlyCount "72"]
[EventDate "2019.02.13"]

1. d4 d5 2. Nf3 Nf6 3. e3 g6 4. h3 Bg7 5. Be2 O-O 6. c4 dxc4 7. Bxc4 c5 8. Nc3
cxd4 9. Nxd4 a6 10. O-O b5 11. Be2 e5 12. Nf3 Qe7 13. Nh2 Bb7 14. Bf3 e4 15.
Be2 Rd8 16. Qc2 Nc6 17. a3 Ne5 18. Bd2 Rac8 19. Rfd1 h5 20. Be1 Nfd7 21. Bf1
Nc5 22. Rxd8+ Rxd8 23. Ne2 Ncd3 24. Bc3 Rc8 25. Ng3 h4 26. Nh1 Qc5 27. Qe2 Nc4
28. Bxg7 Kxg7 29. Rb1 f5 30. g3 Nce5 31. gxh4 Qc2 32. Qxc2 Rxc2 33. b3 Kf6 34.
f4 exf3 35. Bxd3 Nxd3 36. Ng3 Rg2+ 0-1

[Event "Sarajevo CC Qualifiers"]
[Site "Sarajevo"]
[Date "2019.02.15"]
[Round "3.2"]
[White "Terzic, Ilijas"]
[Black "Mrndjic, Muamer"]
[Result "1/2-1/2"]
[WhiteElo "2154"]
[BlackElo "2264"]
[PlyCount "133"]
[EventDate "2019.02.13"]

1. d4 d5 2. Nf3 Nf6 3. c4 e6 4. Nc3 Be7 5. Bg5 h6 6. Bh4 b6 7. cxd5 Nxd5 8.
Nxd5 exd5 9. Bxe7 Qxe7 10. Rc1 Bb7 11. Qa4+ c6 12. e3 O-O 13. Be2 Nd7 14. O-O
a6 15. b4 b5 16. Qa5 Qd8 17. Nd2 Nb6 18. Nb3 Nc4 19. Bxc4 dxc4 20. Nc5 Qxa5 21.
bxa5 Bc8 22. Rfe1 Rd8 23. Kf1 Ra7 24. Ke2 Re7 25. Kd2 Re5 26. Kc3 Rh5 27. h3
Kf8 28. Rcd1 Rd6 29. Rd2 Rg6 30. f3 Rd5 31. Ree2 h5 32. e4 Rd8 33. a4 Ke7 34.
e5 Be6 35. Nxa6 Ra8 36. Nb4 Bc8 37. axb5 cxb5 38. d5 Rxa5 39. Ra2 Rxa2 40. Rxa2
Kd8 41. Kd4 Rb6 42. Ra7 Rb7 43. Rxb7 Bxb7 44. Kc5 h4 45. Kxb5 c3 46. Kc4 Ba6+
47. Kxc3 Bf1 48. Kd2 Bxg2 49. Nc6+ Kc7 50. Nd4 Bxh3 51. Ke3 g5 52. d6+ Kd7 53.
Kf2 f6 54. exf6 Kxd6 55. Ke3 Be6 56. Kf2 Ke5 57. Ne2 Kxf6 58. Ng1 Kf5 59. Ne2
Bc4 60. Ng1 Ba6 61. Kg2 Bb7 62. Kf2 g4 63. fxg4+ Kxg4 64. Ne2 Bf3 65. Nd4 Bd5
66. Kg1 Be4 67. Kh2 1/2-1/2

[Event "Sarajevo CC Qualifiers"]
[Site "Sarajevo"]
[Date "2019.02.15"]
[Round "3.3"]
[White "Sitnic, Ahmed"]
[Black "Dedic, Nedzad"]
[Result "1-0"]
[WhiteElo "1750"]
[BlackElo "1938"]
[PlyCount "61"]
[EventDate "2019.02.13"]

1. d4 Nf6 2. Nf3 b6 3. Bf4 Bb7 4. e3 e6 5. Be2 Be7 6. h3 d5 7. Nbd2 Nbd7 8. O-O
c5 9. c3 h6 10. Ne5 O-O 11. a4 Nxe5 12. Bxe5 Bd6 13. Bxd6 Qxd6 14. a5 c4 15. a6
Bc6 16. b3 b5 17. e4 dxe4 18. bxc4 bxc4 19. Nxc4 Qc7 20. Ne5 Rab8 21. Qc2 Ba8
22. Rab1 Rbc8 23. c4 Rfd8 24. Rfd1 Rd6 25. c5 Rcd8 26. Qb2 Rd5 27. Bc4 Rxe5 28.
dxe5 Nd7 29. Qd4 Bd5 30. Bxd5 Nxe5 31. Rb7 1-0

[Event "Sarajevo CC Qualifiers"]
[Site "Sarajevo"]
[Date "2019.02.15"]
[Round "3.5"]
[White "Korjenic, Esef"]
[Black "Hadzic, Tahir"]
[Result "1-0"]
[WhiteElo "1937"]
[BlackElo "1504"]
[PlyCount "21"]
[EventDate "2019.02.13"]

1. e4 c6 2. Nf3 d5 3. exd5 cxd5 4. d4 Bg4 5. Nc3 e6 6. Bf4 Ne7 7. Nb5 Qa5+ 8.
c3 Na6 9. Nd6+ Kd7 10. Nxf7 Rg8 11. N7e5+ 1-0

[Event "Sarajevo CC Qualifiers"]
[Site "Sarajevo"]
[Date "2019.02.15"]
[Round "3.9"]
[White "Haskovic, Salih"]
[Black "Oputic, Mirsad"]
[Result "0-1"]
[WhiteElo "1824"]
[BlackElo "1918"]
[PlyCount "50"]
[EventDate "2019.02.13"]

1. d4 f5 2. c4 Nf6 3. Nc3 e6 4. Nf3 d6 5. g3 Be7 6. Bg2 Ne4 7. O-O O-O 8. Qd3
d5 9. c5 c6 10. Bf4 Nd7 11. b4 a6 12. Ne5 Bf6 13. Nf3 Qe7 14. Ne5 g5 15. Nxd7
Bxd7 16. Be5 Bxe5 17. dxe5 Nxc3 18. Qxc3 f4 19. g4 Be8 20. Qd4 h5 21. f3 Qh7
22. a4 Kg7 23. Rf2 hxg4 24. fxg4 Rh8 25. Kf1 Qxh2 0-1

[Event "Sarajevo CC Qualifiers"]
[Site "Sarajevo"]
[Date "2019.02.16"]
[Round "4.1"]
[White "Kozarcanin, Sead"]
[Black "Sitnic, Ahmed"]
[Result "0-1"]
[WhiteElo "2049"]
[BlackElo "1750"]
[PlyCount "76"]
[EventDate "2019.02.13"]

1. b3 d5 2. Bb2 e6 3. f4 c5 4. e3 Nc6 5. Nf3 Nf6 6. Bb5 Bd7 7. O-O Be7 8. Qe2
O-O 9. d3 Rc8 10. Kh1 a6 11. Bxc6 Bxc6 12. Ne5 Nd7 13. Nd2 Nxe5 14. Bxe5 d4 15.
exd4 f6 16. d5 exd5 17. Bb2 Bd6 18. Qg4 Qd7 19. Qxd7 Bxd7 20. c4 d4 21. Ne4 Bb8
22. f5 b6 23. b4 Bc6 24. Rae1 Rfe8 25. Nf2 Bf4 26. bxc5 bxc5 27. Ba3 Be3 28.
Nd1 Bd2 29. Re6 Kf7 30. Bxc5 Rxe6 31. fxe6+ Kxe6 32. Rf2 Bc3 33. Re2+ Kf5 34.
Rf2+ Kg6 35. Nxc3 dxc3 36. Bd4 Rb8 37. Rc2 Rb1+ 38. Bg1 Rb2 0-1

[Event "Sarajevo CC Qualifiers"]
[Site "Sarajevo"]
[Date "2019.02.16"]
[Round "4.2"]
[White "Mrndjic, Muamer"]
[Black "Camdzija, Samir"]
[Result "1-0"]
[WhiteElo "2264"]
[BlackElo "1783"]
[PlyCount "45"]
[EventDate "2019.02.13"]

1. d4 Nf6 2. c4 d6 3. Nc3 g6 4. e4 Bg7 5. f3 Nc6 6. Be3 e5 7. d5 Ne7 8. Bd3 Bd7
9. Qd2 O-O 10. g4 c6 11. Nge2 b5 12. dxc6 bxc4 13. Bxc4 Bxc6 14. O-O-O Nc8 15.
h4 Ne8 16. h5 Nb6 17. Bb3 Rc8 18. hxg6 Ba4 19. Bxb6 Qxb6 20. Bxa4 fxg6 21. Bb3+
Kh8 22. Rxh7+ Kxh7 23. Rh1+ 1-0

[Event "Sarajevo CC Qualifiers"]
[Site "Sarajevo"]
[Date "2019.02.16"]
[Round "4.3"]
[White "Bavcic, Fuad"]
[Black "Terzic, Ilijas"]
[Result "1/2-1/2"]
[WhiteElo "1643"]
[BlackElo "2154"]
[PlyCount "25"]
[EventDate "2019.02.13"]

1. e4 e5 2. Nf3 Nc6 3. d4 exd4 4. Nxd4 Nf6 5. Nxc6 bxc6 6. Bd3 d6 7. O-O Be7 8.
b3 O-O 9. Bb2 Nd7 10. Nd2 Bf6 11. Bxf6 Qxf6 12. Qf3 Re8 13. Qxf6 1/2-1/2

[Event "Sarajevo CC Qualifiers"]
[Site "Sarajevo"]
[Date "2019.02.16"]
[Round "4.4"]
[White "Halilovic, Fahrudin"]
[Black "Korjenic, Esef"]
[Result "1/2-1/2"]
[WhiteElo "2051"]
[BlackElo "1937"]
[PlyCount "111"]
[EventDate "2019.02.13"]

1. e4 c5 2. Nc3 Nc6 3. f4 d6 4. Nf3 Bg4 5. Nd5 a6 6. Ne3 Bxf3 7. Qxf3 e6 8. c3
Qh4+ 9. g3 Qd8 10. Bg2 Be7 11. O-O Nf6 12. d3 O-O 13. g4 Ne8 14. g5 Nc7 15. h4
Rb8 16. f5 Ne5 17. Qd1 exf5 18. exf5 Re8 19. d4 cxd4 20. cxd4 Nc6 21. Ng4 Bf8
22. h5 d5 23. g6 fxg6 24. hxg6 Qh4 25. Bf4 Rbc8 26. Rc1 h5 27. Nh2 Bb4 28. a3
Ba5 29. f6 gxf6 30. Kh1 Kg7 31. b4 Bb6 32. Rc3 Ne6 33. Rh3 Qxf4 34. Rxf4 Nxf4
35. Rh4 Bc7 36. Nf1 Ne7 37. Ng3 Rh8 38. Bf3 Nfxg6 39. Nxh5+ Kf7 40. Rh3 Bf4 41.
Kg2 Rcd8 42. Qh1 Nf5 43. Kf1 Bg5 44. Bxd5+ Kf8 45. Bxb7 Rxd4 46. Qc6 Nge7 47.
Qc7 Kf7 48. Bxa6 Kg6 49. Be2 Re4 50. Bd3 Re5 51. Nf4+ Bxf4 52. Rxh8 Re1+ 53.
Kxe1 Bxc7 54. a4 Be5 55. Bxf5+ Kxf5 56. a5 1/2-1/2

[Event "Sarajevo CC Qualifiers"]
[Site "Sarajevo"]
[Date "2019.02.16"]
[Round "4.6"]
[White "Oputic, Mirsad"]
[Black "Hasanovic, Jakub"]
[Result "1-0"]
[WhiteElo "1918"]
[BlackElo "1800"]
[PlyCount "71"]
[EventDate "2019.02.13"]

1. e4 e5 2. Nf3 Nf6 3. Nc3 Bb4 4. Bc4 O-O 5. d3 h6 6. O-O d6 7. h3 Nc6 8. a3
Bc5 9. b4 Bd4 10. Nxd4 Nxd4 11. f4 Be6 12. Nd5 b5 13. Ba2 c6 14. Nxf6+ gxf6 15.
f5 Bxa2 16. Rxa2 c5 17. c3 Nc6 18. Bxh6 Kh7 19. Qh5 Rh8 20. Rf3 Ne7 21. Be3+
Kg7 22. Rg3+ Ng6 23. Qf3 Qe8 24. fxg6 fxg6 25. bxc5 dxc5 26. Bxc5 a5 27. Rf2
Qc6 28. d4 Rae8 29. dxe5 Rxe5 30. Bd4 Re6 31. Qg4 Rh6 32. Rgf3 Rxe4 33. Rxf6
Re1+ 34. Rf1 Rxf1+ 35. Rxf1+ Kg8 36. Qf4 1-0

[Event "Sarajevo CC Qualifiers"]
[Site "Sarajevo"]
[Date "2019.02.16"]
[Round "4.7"]
[White "Dedic, Nedzad"]
[Black "Lakota, Izet"]
[Result "1-0"]
[WhiteElo "1938"]
[BlackElo "1744"]
[PlyCount "93"]
[EventDate "2019.02.13"]

1. e4 d5 2. exd5 Qxd5 3. Nf3 g6 4. d4 Bg7 5. Nc3 Qd8 6. h3 Nf6 7. Bc4 e6 8. Bg5
c6 9. Qd2 Qb6 10. Bb3 Nd5 11. Ne4 Nd7 12. Nd6+ Kf8 13. c4 N5f6 14. Qf4 Qb4+ 15.
Kf1 h6 16. Bxf6 Nxf6 17. Ne5 Ke7 18. c5 Rf8 19. g4 g5 20. Qe3 Nd5 21. Bxd5 cxd5
22. Kg2 Bd7 23. a3 Qa4 24. b4 Rab8 25. h4 Bxe5 26. Qxe5 f6 27. Qe3 Rh8 28. hxg5
hxg5 29. Rxh8 Rxh8 30. Nxb7 Qc2 31. Re1 Qh7 32. Qg3 Kf7 33. Nd6+ Kg6 34. b5 f5
35. c6 f4 36. Qd3+ Kf6 37. Qxh7 Rxh7 38. Rc1 Ke7 39. cxd7 Kxd7 40. Rc6 Re7 41.
Nc8 Re8 42. Nxa7 e5 43. dxe5 Rxe5 44. Rc3 d4 45. Rd3 Rd5 46. a4 Kd6 47. b6 1-0

[Event "Sarajevo CC Qualifiers"]
[Site "Sarajevo"]
[Date "2019.02.16"]
[Round "4.8"]
[White "Hadzic, Tahir"]
[Black "Manic, Mujo"]
[Result "0-1"]
[WhiteElo "1504"]
[BlackElo "1701"]
[PlyCount "76"]
[EventDate "2019.02.13"]

1. b3 d5 2. Bb2 Nc6 3. e3 e5 4. Bb5 f6 5. Qh5+ g6 6. Qf3 e4 7. Qd1 Bd7 8. Nc3
a6 9. Bxc6 Bxc6 10. Nge2 Bg7 11. Nf4 Qd7 12. Nce2 Ne7 13. Nd4 O-O 14. Nfe6 Rf7
15. Nxg7 Kxg7 16. O-O Bb5 17. Re1 c5 18. Ne2 Qg4 19. Ng3 Qg5 20. a4 Bd7 21. h3
h5 22. c4 h4 23. Nxe4 dxe4 24. Kh1 Nf5 25. Qc2 Bc6 26. Qc3 Rd8 27. Rad1 Rd3 28.
Qc2 Rfd7 29. a5 Ne7 30. Re2 Qf5 31. Ba3 g5 32. Qb2 g4 33. hxg4 Qxg4 34. Rde1 h3
35. Rg1 Kf7 36. Bxc5 hxg2+ 37. Rxg2 Qh5+ 38. Kg1 Qxc5 0-1

[Event "Sarajevo CC Qualifiers"]
[Site "Sarajevo"]
[Date "2019.02.16"]
[Round "5.2"]
[White "Kozarcanin, Sead"]
[Black "Mrndjic, Muamer"]
[Result "0-1"]
[WhiteElo "2049"]
[BlackElo "2264"]
[PlyCount "112"]
[EventDate "2019.02.13"]

1. b3 e5 2. Bb2 Nc6 3. e3 Nf6 4. Bb5 Bd6 5. d3 O-O 6. Bxc6 bxc6 7. e4 Bb4+ 8.
c3 Bc5 9. Nf3 Re8 10. O-O d5 11. Qc2 Bg4 12. Nbd2 Bb6 13. h3 Bh5 14. c4 dxe4
15. dxe4 Bd4 16. g4 Bxb2 17. Qxb2 Bg6 18. Rfe1 Nd7 19. Rad1 Qf6 20. Qc3 h5 21.
g5 Qf4 22. Qe3 Qxe3 23. Rxe3 a5 24. Nb1 Nc5 25. Nc3 f6 26. gxf6 gxf6 27. Nh4
Bh7 28. f3 Rad8 29. Kf2 Kf7 30. Ng2 Rd4 31. Ne1 Red8 32. Rc1 Rg8 33. Na4 Ne6
34. Nd3 Nf4 35. Nxf4 exf4 36. Re2 Rg3 37. Nb2 Rxh3 38. Rg1 c5 39. Kg2 Rg3+ 40.
Kf2 h4 41. Rxg3 hxg3+ 42. Kg2 Ke6 43. Na4 Kd6 44. Kh3 Bg8 45. Kg4 Ke5 46. Nxc5
Rd1 47. Kh3 Kd4 48. Na4 Kd3 49. Rb2 Ke3 50. Kg2 Rc1 51. Nc5 Bf7 52. b4 Bxc4 53.
Nb3 Bf1+ 54. Kg1 Rd1 55. Rd2 Rxd2 56. Nxd2 Kxd2 0-1

[Event "Sarajevo CC Qualifiers"]
[Site "Sarajevo"]
[Date "2019.02.16"]
[Round "5.3"]
[White "Terzic, Ilijas"]
[Black "Oputic, Mirsad"]
[Result "1-0"]
[WhiteElo "2154"]
[BlackElo "1918"]
[PlyCount "67"]
[EventDate "2019.02.13"]

1. d4 f5 2. e4 d5 3. exd5 Qxd5 4. Nf3 e6 5. Bd3 Nf6 6. O-O Be7 7. Bf4 c6 8. Re1
O-O 9. Nbd2 Qd8 10. Nc4 Nd5 11. Bd2 Bf6 12. Qe2 Na6 13. c3 Nac7 14. Nce5 Bd7
15. c4 Ne7 16. Bb4 Re8 17. Rad1 Ng6 18. Nxg6 hxg6 19. Ne5 Bxe5 20. dxe5 Na6 21.
Ba3 c5 22. Bb1 Qe7 23. Rd6 Bc6 24. Qe3 Qh4 25. Qg3 Qh5 26. b3 Rad8 27. Bc1 Kf7
28. Bg5 Rxd6 29. exd6 Nb8 30. Bc2 Nd7 31. Bd1 Qh8 32. Bf3 Nb8 33. Bxc6 bxc6 34.
d7 1-0

[Event "Sarajevo CC Qualifiers"]
[Site "Sarajevo"]
[Date "2019.02.16"]
[Round "5.4"]
[White "Bavcic, Fuad"]
[Black "Halilovic, Fahrudin"]
[Result "0-1"]
[WhiteElo "1643"]
[BlackElo "2051"]
[PlyCount "96"]
[EventDate "2019.02.13"]

1. e4 d5 2. exd5 Nf6 3. Bc4 Nxd5 4. Bxd5 Qxd5 5. Qf3 Qf5 6. Qxf5 Bxf5 7. d3 Nc6
8. Ne2 g6 9. Bd2 Bg7 10. Bc3 e5 11. O-O O-O-O 12. Na3 Rhe8 13. Ng3 Be6 14. Ne4
f5 15. Nc5 Bd5 16. f3 Bh6 17. Nb3 Be3+ 18. Kh1 Bb6 19. Nd2 Bc5 20. Nb3 Bb6 21.
Rae1 g5 22. Re2 Re6 23. Rfe1 Rde8 24. Nd2 Bc5 25. Nac4 b5 26. Ne3 Bxe3 27. Rxe3
b4 28. Nf1 bxc3 29. bxc3 Nd8 30. c4 Bb7 31. c3 h5 32. R3e2 h4 33. Ne3 e4 34.
fxe4 fxe4 35. d4 Ba6 36. Rf2 Nb7 37. Rf5 Rg8 38. h3 Nd6 39. Rc5 Kd7 40. Rb1 Rf8
41. Rb4 Ref6 42. Rd5 Kc8 43. Ra5 Rf1+ 44. Nxf1 Rxf1+ 45. Kh2 Bxc4 46. Re5 Bd3
47. Rb2 Nf5 48. Rd2 Ng3 0-1

[Event "Sarajevo CC Qualifiers"]
[Site "Sarajevo"]
[Date "2019.02.16"]
[Round "5.5"]
[White "Korjenic, Esef"]
[Black "Dedic, Nedzad"]
[Result "0-1"]
[WhiteElo "1937"]
[BlackElo "1938"]
[PlyCount "114"]
[EventDate "2019.02.13"]

1. e4 e6 2. Nf3 d5 3. exd5 exd5 4. d4 Nf6 5. Bd3 Bd6 6. O-O O-O 7. Bg5 Bg4 8.
Nbd2 Nbd7 9. Re1 c6 10. c3 Qc7 11. Qc2 h6 12. Bh4 Rae8 13. Bg3 Bxg3 14. hxg3
Rxe1+ 15. Rxe1 Re8 16. Rxe8+ Nxe8 17. Nh2 Ndf6 18. f3 Bc8 19. Nhf1 Kf8 20. Kf2
c5 21. g4 Qb6 22. dxc5 Qxc5+ 23. Ne3 Bd7 24. b4 Qb6 25. a4 a5 26. b5 Qc5 27.
Ndf1 Nd6 28. Nd2 Bxg4 29. Nb3 Qb6 30. Nd4 Bd7 31. Ke1 Qc5 32. Nb3 Qc7 33. Nd4
b6 34. Qb3 Qc5 35. Qc2 Nb7 36. Qd2 Qa3 37. Bf5 Bxf5 38. Nexf5 Qxa4 39. Kf2 Qa3
40. Qf4 Ne8 41. Qb8 Nbd6 42. Qxb6 Nxf5 43. Nxf5 Qxc3 44. Nd4 Qc7 45. Qxc7 Nxc7
46. b6 Na6 47. Ke3 Nb8 48. Nb5 Ke7 49. Kd4 Ke6 50. Kc5 Nd7+ 51. Kc6 Nxb6 52.
Kxb6 a4 53. Ka5 Kf5 54. g3 g5 55. Kxa4 h5 56. Nc3 h4 57. gxh4 gxh4 0-1

[Event "Sarajevo CC Qualifiers"]
[Site "Sarajevo"]
[Date "2019.02.16"]
[Round "5.8"]
[White "Hasanovic, Jakub"]
[Black "Hadzic, Tahir"]
[Result "1-0"]
[WhiteElo "1800"]
[BlackElo "1504"]
[PlyCount "87"]
[EventDate "2019.02.13"]

1. d4 Nf6 2. c4 e6 3. Nc3 d5 4. a3 Be7 5. Nf3 O-O 6. e3 Nbd7 7. Bd3 dxc4 8.
Bxc4 b6 9. O-O Bb7 10. h3 c5 11. Re1 Rc8 12. Be2 Qc7 13. Nb5 Qb8 14. Nc3 Qc7
15. Bd3 Qc6 16. e4 cxd4 17. Nxd4 Qc5 18. Be3 Qe5 19. f4 Qb8 20. Rc1 Nc5 21. e5
Nd5 22. Bf1 Nxc3 23. Rxc3 Bh4 24. Re2 Ne4 25. Rxc8 Rxc8 26. Rc2 h6 27. Bd3 Rxc2
28. Qxc2 Nc5 29. Be2 Be4 30. Qc1 g5 31. b4 gxf4 32. Bxf4 Nd3 33. Bxd3 Bxd3 34.
Qe3 Bg6 35. Bxh6 Qb7 36. Nf3 Be7 37. Nd4 Qe4 38. Qxe4 Bxe4 39. Nb5 Kh7 40. Be3
a6 41. Nd6 f6 42. Nxe4 f5 43. Ng5+ Bxg5 44. Bxg5 1-0

[Event "Sarajevo CC Qualifiers"]
[Site "Sarajevo"]
[Date "2019.02.17"]
[Round "7.1"]
[White "Halilovic, Fahrudin"]
[Black "Mrndjic, Muamer"]
[Result "1-0"]
[WhiteElo "2051"]
[BlackElo "2264"]
[PlyCount "79"]
[EventDate "2019.??.??"]

1. d4 Nf6 2. c4 d6 3. Nc3 e5 4. d5 Be7 5. g3 O-O 6. Bg2 a5 7. f4 exf4 8. Bxf4
Re8 9. Nf3 Na6 10. O-O h6 11. Qc2 Bg4 12. a3 Nd7 13. Rae1 Ndc5 14. Nd2 Bh5 15.
e4 Bg6 16. Be3 a4 17. Nxa4 Nb4 18. axb4 Nxa4 19. Bd4 c5 20. dxc6 bxc6 21. b3 c5
22. Ba1 Nb6 23. bxc5 dxc5 24. Nf3 Nd7 25. Qf2 Rb8 26. Re3 Rb6 27. h3 Qb8 28.
Rd1 Bd6 29. Nh4 Be5 30. Nxg6 Bxa1 31. Rxa1 fxg6 32. e5 Rf8 33. Qd2 Qc7 34. Rae1
Re8 35. Qd3 Rxe5 36. Rxe5 Nxe5 37. Qe3 Nd7 38. Qe8+ Kh7 39. Re7 Nf6 40. Qf7 1-0

[Event "Sarajevo CC Qualifiers"]
[Site "Sarajevo"]
[Date "2019.02.17"]
[Round "7.5"]
[White "Dedic, Nedzad"]
[Black "Oputic, Mirsad"]
[Result "0-1"]
[WhiteElo "1938"]
[BlackElo "1918"]
[PlyCount "98"]
[EventDate "2019.??.??"]

1. e4 c5 2. Bc4 Nc6 3. a3 e6 4. Nc3 g6 5. d3 Bg7 6. Nge2 Nge7 7. O-O b6 8. f4
Bb7 9. Ng3 Nd4 10. Nce2 h5 11. c3 Nxe2+ 12. Qxe2 h4 13. Nh1 d5 14. Bb5+ Kf8 15.
Nf2 a6 16. Ba4 b5 17. Bc2 d4 18. Bd2 a5 19. a4 Bc6 20. axb5 Bxb5 21. c4 Bc6 22.
Ba4 Qb6 23. Rfb1 f6 24. h3 Kf7 25. Be1 Bh6 26. Qf3 f5 27. Bxc6 Nxc6 28. Ra3 Qc7
29. Rba1 Bxf4 30. Ra4 Be3 31. Kh1 Kg7 32. Nd1 Bg5 33. Bf2 Rhf8 34. Bg1 Qg3 35.
Qe2 Bf4 36. Nf2 Be3 37. Rf1 Bf4 38. Nd1 Ne5 39. Ra3 g5 40. Rxf4 gxf4 41. exf5
Rxf5 42. Qe4 Raf8 43. Bh2 Qg5 44. Nf2 f3 45. gxf3 Nxf3 46. Ra1 Nxh2 47. Rg1
Qxg1+ 48. Kxg1 Rxf2 49. Qe5+ R8f6 0-1